000 00584nam a2200205Ia 4500
003 LK-CoDNM
008 010623t1928 xxu||||| |||| 00| 1 sin d
040 _aLK-CoDNM
_dLK-CoDNM
_eLK-CoDNM
041 _asin
080 _a104 B 18
100 _aSugatapala,T.
245 _aකුස ජාතක කාව්‍ය
246 _aKusa Jaathaka Kaavya Sanvarnana
260 _bGranta Prakasa
_aColombo
_c1928
300 _b354p, 21 260: First cm
650 _aParani Sinhala Kavi Poth
700 _aAlagiyavanna,Mukaveti.
700 _aed. by Wijayavardana,W.N.
942 _cBK
999 _c94424
_d94424